Riesgos y oportunidades de la globalización
El informe analiza el papel del mercado y el rol de las políticas en los procesos de globalización, a la par que identifica las oportunidades que ofrece en ambos campos. La segunda parte presenta los escenarios de largo plazo para la economía internacional, elaborados por Lawrence, Bressand e Ito, y...
Uloženo v:
| Médium: | Text |
|---|---|
| Témata: | |
| Tagy: |
Přidat tag
Žádné tagy, Buďte první, kdo vytvoří štítek k tomuto záznamu!
|
MARC
| LEADER | 00000 a a2200000 04500 | ||
|---|---|---|---|
| 001 | 2508 | ||
| 003 | |||
| 040 | |||
| 245 | |a Riesgos y oportunidades de la globalización | ||
| 500 | |a Reproducción del capítulo 2 del documento: Cambio y continuidad en el proceso de globalización internacional: escenarios de fin de siglo, presentado al XXII Consejo Latinoamericano del SELA, Montevideo, 22-25 octubre 1996 | ||
| 520 | |a El informe analiza el papel del mercado y el rol de las políticas en los procesos de globalización, a la par que identifica las oportunidades que ofrece en ambos campos. La segunda parte presenta los escenarios de largo plazo para la economía internacional, elaborados por Lawrence, Bressand e Ito, y analiza sus eventuales consecuencias sobre América Latina y el Caribe. REV//jmml | ||
| 650 | |a LIBERALIZACION DEL INTERCAMBIO | ||
| 650 | |a MERCADO | ||
| 650 | |a CAPITALISMO | ||
| 650 | |a LIBRE MERCADO | ||
| 650 | |a POLITICA GUBERNAMENTAL | ||
| 650 | |a ECONOMIA | ||
| 650 | |a ESTADO | ||
| 650 | |a COSTOS | ||
| 650 | |a DESARROLLO ECONOMICO | ||
| 773 | |g número 47; páginas 37-51 | ||
| 999 | |c 29212 |d 29212 | ||
